000 00379pab a2200133 454500
008 180718b xxu||||| |||| 00| 0 eng d
100 _aAldrich, Brianc
245 _aResource mobilization in South East Asian squatter communities
650 _a Slums
650 _a Community
650 _aSquatters - Asia, South East
773 _aGuru Nanak Journal of Sociology
909 _a23917
999 _c23917
_d23917